Books Missing 'H' Words Quiz Stats

 Plays Quiz Updated Apr 15, 2019

Score 0/18 Timer 03:00
10 Plays Today
Hint Answer % Correct
Hunger
97.2%
Hunchback
96.6%
Heights
95.8%
Hallows
94.1%
Hitchhiker's
93.7%
High
89.4%
Heart
83.9%
Handmaid’s
82.8%
Heaven
79.3%
Hint Answer % Correct
House
77%
Human
67.4%
Howards
67%
Hatches
64.8%
Hunter
57.9%
Harold
57.5%
Happened
29.7%
Homage
21.5%
Hero
15.7%

You're not logged in!

Compare scores with friends on all Sporcle quizzes.
OR
Log In

Sporcle TV

Today on Sporcle TV


Watch our educational content, quiz creation guides, and fun videos on Sporcle TV.

Show Comments

Extras

Top Quizzes Today


Score Distribution

Your Account Isn't Verified!

In order to create a playlist on Sporcle, you need to verify the email address you used during registration. Go to your Sporcle Settings to finish the process.

Report this User

Report this user for behavior that violates our Community Guidelines.

Details: